The West point way of leadership (Record no. 3420)

MARC details
000 -LEADER
fixed length control field 00340nam a22001337a 4500
008 - FIXED-LENGTH DATA ELEMENTS--GENERAL INFORMATION
fixed length control field 250513b |||||||| |||| 00| 0 eng d
020 ## - INTERNATIONAL STANDARD BOOK NUMBER
ISBN 0358417039
100 ## - MAIN ENTRY--AUTHOR
Author Donnithorno Larry R.
245 ## - TITLE STATEMENT
Title The West point way of leadership
260 ## - PUBLICATION, DISTRIBUTION, ETC. (IMPRINT)
Place of publication New York
Name of publisher Currency Doubleday
Date of publication 1993
300 ## - COLLATION
Pagination 179p.
942 ## - ADDED ENTRY ELEMENTS (KOHA)
Item type Books
050 ## - LIBRARY OF CONGRESS CALL NUMBER
Classification number HD57.7
Item number .D66

No items available.